Eredményes oktatás

Bibliographic Details
Main Author: Fördős Fanni
Other Authors: Csesznák Dr. Anita
Format: Thesis
Kulcsszavak:Felsőoktatás
Klaszteranalízis
E-learning
Online Access:http://dolgozattar.uni-bge.hu/11086

MARC

LEADER 00000nta a2200000 i 4500
001 dolg11086
005 20170515090809.0
008 170515suuuu hu om 000 hun d
040 |a BGE Dolgozattár Repozitórium  |b hun 
041 |a hu 
100 1 |a Fördős Fanni 
245 1 0 |a Eredményes oktatás  |c Fördős Fanni  |h [elektronikus dokumentum] 
246 1 1 |a Eredményes oktatás 
246 1 1 |a Effective education 
695 |a Felsőoktatás 
695 |a Klaszteranalízis 
695 |a E-learning 
700 1 |a Csesznák Dr. Anita  |e ths 
856 4 0 |u http://dolgozattar.uni-bge.hu/11086/1/Eredm%C3%A9nyes%20oktat%C3%A1s_F%C3%B6rd%C5%91s%20Fanni_XVFNIF.pdf  |z Dokumentum-elérés 
856 4 0 |u http://dolgozattar.uni-bge.hu/11086/2/SKMBT_C22017051107300.pdf  |z Dokumentum-elérés